000 00555nam a2200193Ia 4500
005 20250508155743.0
008 008 250505s9999 xx 000 0 eng d
037 _aDissertations
040 _aFEDL
_beng
_cFEDL
041 _aeng
_2eng
084 _a424, MAN/DI
_qFEDL
100 _aManandhar Laxmi Bahadur
_9767422
245 0 _aList of vocabulary used by fifth grade children
260 _c1967
300 _a18p.
546 _aM. Ed. Dissertation (Tribhuwan University)
942 _cDIS
_h424, MAN/DI
999 _c1359132
_d1359132